000 00209nam a2200085Ia 4500
008 120527s9999 xx 000 0 und d
100 _aDAS and HASSLER
245 _aStatics and mechanic of materials
942 _cBK
999 _c25606
_d25606